<?xml version="1.0" encoding="UTF-8"?>
<record
    xmlns:xsi="http://www.w3.org/2001/XMLSchema-instance"
    xsi:schemaLocation="http://www.loc.gov/MARC21/slim http://www.loc.gov/standards/marcxml/schema/MARC21slim.xsd"
    xmlns="http://www.loc.gov/MARC21/slim">

  <leader>01234nam a22002297a 4500</leader>
  <datafield tag="999" ind1=" " ind2=" ">
    <subfield code="c">22038</subfield>
    <subfield code="d">22038</subfield>
  </datafield>
  <controlfield tag="003">AR-CdUCM</controlfield>
  <controlfield tag="008">190515b           ||||| |||| 00| 0 spa d</controlfield>
  <datafield tag="040" ind1=" " ind2=" ">
    <subfield code="a">MUNICIPALIDAD PROVINCIAL DEL CUSCO</subfield>
    <subfield code="c">BIBLIOTECA MUNICIPAL DEL CUSCO</subfield>
  </datafield>
  <datafield tag="082" ind1=" " ind2=" ">
    <subfield code="a">InkaRimay/N&#xB0;3/1994</subfield>
  </datafield>
  <datafield tag="110" ind1=" " ind2=" ">
    <subfield code="a">Academia Mayor de la Lengua Quechua</subfield>
    <subfield code="9">7946</subfield>
  </datafield>
  <datafield tag="245" ind1=" " ind2=" ">
    <subfield code="a">Revista Inka Rimay :</subfield>
    <subfield code="b">&#xD3;rgano Cultural e Informativo de la Academia Mayor de Lengua Quechua /</subfield>
  </datafield>
  <datafield tag="260" ind1=" " ind2=" ">
    <subfield code="a">Cusco :</subfield>
    <subfield code="b">Mercantil,</subfield>
    <subfield code="c">1994.</subfield>
  </datafield>
  <datafield tag="300" ind1=" " ind2=" ">
    <subfield code="a">80 p&#xE1;ginas ;</subfield>
    <subfield code="c">30 cm.</subfield>
  </datafield>
  <datafield tag="440" ind1=" " ind2=" ">
    <subfield code="a">Revista Inka Rimay.</subfield>
    <subfield code="n">A&#xF1;o XLI, N&#xB0;3, 1994</subfield>
    <subfield code="9">47230</subfield>
  </datafield>
  <datafield tag="505" ind1=" " ind2=" ">
    <subfield code="a">Contenido : El nombre Qosqo en sustituci&#xF3;n de Cusco es oficializado. -- Escritura de los Inkas. -- G&#xE9;nero de los quechuismos en el espa&#xF1;ol. -- Las funciones del Intiwatana l&#xED;tico. -- El Inti y la Pachamama dos deidades b&#xE1;sicas de la Filosof&#xED;a vitalista del inkanato. -- Ortograf&#xED;a Quechua. -- Usnu, altar. -- Inti Raymi historia viviente del Qosqo. -- Fuentes escritas de la lengua Quechua del Per&#xFA;. -- Concurso de poes&#xED;a Quechua Juan A. Manya...</subfield>
  </datafield>
  <datafield tag="650" ind1=" " ind2=" ">
    <subfield code="a">Inkas</subfield>
    <subfield code="9">1899</subfield>
  </datafield>
  <datafield tag="650" ind1=" " ind2=" ">
    <subfield code="a">Idioma Quechua</subfield>
    <subfield code="9">27790</subfield>
  </datafield>
  <datafield tag="650" ind1=" " ind2=" ">
    <subfield code="a">Siglo XX</subfield>
    <subfield code="9">8</subfield>
  </datafield>
  <datafield tag="710" ind1=" " ind2=" ">
    <subfield code="a">Municipalidad Provincial del Cusco</subfield>
    <subfield code="9">47231</subfield>
  </datafield>
  <datafield tag="942" ind1=" " ind2=" ">
    <subfield code="2">ddc</subfield>
    <subfield code="c">LIBROS</subfield>
  </datafield>
  <datafield tag="945" ind1=" " ind2=" ">
    <subfield code="a">vhl</subfield>
  </datafield>
  <datafield tag="952" ind1=" " ind2=" ">
    <subfield code="0">0</subfield>
    <subfield code="2">ddc</subfield>
    <subfield code="4">0</subfield>
    <subfield code="7">0</subfield>
    <subfield code="a">HEM</subfield>
    <subfield code="b">HEM</subfield>
    <subfield code="c">CART</subfield>
    <subfield code="d">2022-02-16</subfield>
    <subfield code="g">10.00</subfield>
    <subfield code="o">InkaRimay/N&#xB0;3/1994</subfield>
    <subfield code="p">REVC000628</subfield>
    <subfield code="r">2022-02-16</subfield>
    <subfield code="y">PP</subfield>
  </datafield>
</record>
